Приятелят на санкюлотите (Запис номер 163247)
[ съкратено ]
| 000 -Лидер | |
|---|---|
| Контролно поле с фиксирана дължина | nam a22 a 4500 |
| 003 - Код на организацията, давaща контролен номер | |
| Контролно поле | BLK |
| 005 - Дата и час на последна редакция | |
| Контролно поле | 20220725093819.0 |
| 008 - Елементи от данни с фиксирана дължина | |
| fixed length control field | 180410b bul|||||r ||||||| ||bul|| |
| 010 ## - Наследен системен номер | |
| LC control number | KNG00170652000 |
| 040 ## - Източник на каталожния запис | |
| Идентификатор на билиотеката - собственик на записа | BLK |
| 041 ## - Код за език | |
| Код за езика на текст/звукозапис или на отделно заглавие | Български |
| Код за езика КДБФ | Български |
| 080 ## - УДК | |
| Текстов определител УДК | ?Литература на ГДР |
| УДК код - определител по УДК | 830.2 |
| УДК определител | -31 |
| УДК - код + определител | 830.2-31 |
| 080 ## - УДК | |
| Текстов определител УДК | Френски политик и учен |
| УДК код - определител по УДК | 929 Марат, Жан-Пол |
| УДК - код + определител | 929 Марат, Жан-Пол |
| 100 1# - Редна дума - Автор | |
| Автор | Май, Фердинанд |
| Авторска отговорност | първи автор |
| R(LIN) | 335905 |
| 139 ## - Редно поле | |
| Редна дума | Май, Фердинанд и др. |
| Авторски знак | Маи - М 16 |
| 245 10 - Сведения за заглавието | |
| Заглавие | Приятелят на санкюлотите |
| Подзаглавни данни | Роман за Жан Пол Марат |
| Редно поле (дума) | Фердинанд Май; съавт. Кете Май; прев. от нем. Михаил Шакле; худож. Петър Брайков. |
| 257 ## - Страна на издаване | |
| Страна на създаване/издаване | ГДР |
| 260 ## - Област на издателските данни | |
| Име на издателя, разпространителя и проч. | Нар. култура |
| Година на издаване | 1972 |
| Място на издаване, разпространение и проч. | София |
| 300 ## - Физическа характеристика | |
| Страници | 456 с. |
| Илюстрации и др. | с ил. |
| Размери/Мащаб | 20 см |
| 380 ## - Жанр | |
| Жанр | Худож. лит. |
| 490 ## - СЕРИИ (Колекции) | |
| Име на серия | Четиво за юноши |
| 9 (RLIN) | 203186 |
| 500 ## - Общи забележки | |
| Забележка | Авт. не е даден на кор. - Ориг. загл. Der Freund der Samsculorren. - 60 100 тир. |
| 600 14 - Име на лице, използвано като предмет | |
| За него / За нея | Марат, Жан-Пол |
| 9 (RLIN) | 331722 |
| 653 ## - Ключова дума – ненормативна | |
| Ключова дума | Марат |
| 700 1# - Други автори (авторска отговорност) | |
| Лично име | Май, Кете |
| Автороска отговорност (Описва отношението между автора и произведението) | съавт. |
| 9 (RLIN) | 335906 |
| 700 1# - Други автори (авторска отговорност) | |
| Лично име | Шакле, Михаил |
| Автороска отговорност (Описва отношението между автора и произведението) | прев. от нем. |
| 9 (RLIN) | 335907 |
| 700 1# - Други автори (авторска отговорност) | |
| Лично име | Брайков, Петър |
| Автороска отговорност (Описва отношението между автора и произведението) | худож. |
| 9 (RLIN) | 377124 |
| 852 ## - Местоположение | |
| Форматна сигнатура | Цб 63760 |
| Фондова буква | Хранилище |
| 856 4# - Електронен адрес и достъп | |
| Електронен формат | pdf - файл |
| 856 4# - Електронен адрес и достъп | |
| Електронен формат | pdf - файл |
| 999 ## - СИСТЕМНИ КОНТРОЛНИ НОМЕРА | |
| Koha biblionumber | 163247 |
| Koha biblioitemnumber | 163247 |
| 942 ## - АРТИКУЛИ | |
| Вид на библиотечния материал | Книги |
| Скрит в OPAC | Не |
| Периодичен библиозапис | Да |
| 944 ## - СЪЗДАВАНЕ И РЕДАКЦИЯ на ЗАПИСА | |
| Създаване/Редакция | Създаване |
| Дата на регистрацията/редакция | 31.01.2015 |
| Статус, дата на статуса | 31.01.2015 - от С1,Р / 31.01.2015 |
| Служител, извършил регистрацията/редакцията | Кети_Илиева |
| 944 ## - СЪЗДАВАНЕ И РЕДАКЦИЯ на ЗАПИСА | |
| Създаване/Редакция | Редакция |
| Дата на регистрацията/редакция | 31.01.2015 |
| Статус, дата на статуса | 31.01.2015 - от С1,Р / 31.01.2015 |
| 999 ## - СИСТЕМНИ КОНТРОЛНИ НОМЕРА | |
| Koha biblioitemnumber | 163247 |
| Код за отписване | Код за изгубен артикул | Източник на класификационната схема | Код за повреда | Коз за рестрикции | Код за отдаване | Артикулен № | Име на библиотеката - собственик | Име на библиотеката, в която се намира в момента | Статус (Текущо местоположение) | Дата на вписване в системата | Местоположение - отдел | Цена в лева | Инвентарен номер | Систематично азбучна сигнатура | Баркод | Номер на екземпляра | Цена в евро | Служебна бележка | Служебен тип на артикула |
|---|---|---|---|---|---|---|---|---|---|---|---|---|---|---|---|---|---|---|---|
| Не е изгубен | Universal Decimal Classification | Не е повреден | само за читалня | ползва се в читалня | 273353 | Регионална библиотека "Любен Каравелов" Русе | Регионална библиотека "Любен Каравелов" Русе | Хранилище | 1972-01-01 | Хранилище | 1.41 | 118584 | Цб 63760 | 120000118584 | 1 | 0.72 | Вид: Сф Дата: 01.01.1972 | Книги | |
| Изтеглен | Не е изгубен | Universal Decimal Classification | Не е повреден | без рестрикции | заемане за дома | 273354 | Регионална библиотека "Любен Каравелов" Русе | Регионална библиотека "Любен Каравелов" Русе | Заемна - подръчен фонд | 1972-01-01 | Заемна - подръчен фонд | 1.41 | 120265 | П 830-3/М 16 | 120265 | 2 | 0.72 | Вид: Сф Дата: 01.01.1972 | Книги |
| Изтеглен | Не е изгубен | Universal Decimal Classification | Не е повреден | без рестрикции | заемане за дома | 273355 | Регионална библиотека "Любен Каравелов" Русе | Регионална библиотека "Любен Каравелов" Русе | Заемна - подръчен фонд | 1972-01-01 | Заемна - подръчен фонд | 1.41 | 120266 | П 830-3/М 16 | 120266 | 3 | 0.72 | Вид: Сф Дата: 01.01.1972 | Книги |
| Изтеглен | Не е изгубен | Universal Decimal Classification | Не е повреден | без рестрикции | заемане за дома | 273356 | Регионална библиотека "Любен Каравелов" Русе | Регионална библиотека "Любен Каравелов" Русе | Детски отдел | 1972-01-01 | Детски отдел | 1.41 | 120298 | ДХ 886.7/М 16 | 120298 | 4 | 0.72 | Вид: Сф Дата: 01.01.1972 Дата инв: 12.09.2015 Бележки инв: Д2015 | Книги |